000 00676nam a2200193 i 4500
001 114937
003 ES-MaACL
005 20230906190304.0
007 t|
008 070213s1948 sp ||||1| spa d
100 1 _aNeedham, J. C.
_985275
245 1 3 _aEl transporte de material, la temperatura y la estabilidad en el arco eléctrico de soldadura /
_cpor J.C. Needham.
260 _aMadrid :
_bConsejo Superior de Investigaciones CientĂ­ficas,
_c1948.
300 _a32 p. ;
_c30 cm.
490 1 _aInstituto de la Soldadura: Publicaciones ;
_v4
830 0 _aInstituto de la Soldadura: Publicaciones ;
_v4
_9185853
852 _aES-MaACL
_jC-56540
999 _c114937
_d114937